Top 10 U.S. States with the most vehicles per capita - Statistics

General Stats
  • This quiz has been taken 16 times
  • The average score is 7 of 10
Answer Stats
Cars per C. State % Correct
1.189 North Dakota
88%
1.599 South Dakota
88%
1.934 Montana
81%
1.503 Wyoming
81%
1.174 Arkansas
69%
1.038 Idaho
69%
1.201 Iowa
63%
1.029 Washington
63%
1.082 Alabama
50%
1.022 New Hampshire
31%
No matching quizzes found
Score Distribution
Percent of People with Each Score
Percentile by Number Answered
Your Score History
You have not taken this quiz